Państwa z największa ilością paneli słonecznych - Statystyki

Ogólne statystyki
  • Ten quiz został rozwiązany 29 razy
  • Średni wynik to 8 z 10
Statystyki odpowiedzi
Energia(GWh) Kraj % Poprawnych
148,153 Stany Zjednoczone
100%
327,551 Chiny
96%
65,581 Indie
92%
49,340 Niemcy
92%
27,712 Australia
88%
86,094 Japonia
88%
21,922 Hiszpania
80%
23,394 Korea Południowa
68%
25,039 Włochy
68%
25,717 Wietnam
24%
Nie znaleziono quizów pasujących do podanych kryteriów
Rozkład punktacji
Procent ludzi z każdym wynikiem
Percentyl według liczby udzielonych odpowiedzi
Twoja historia wyników
Nie rozwiązałeś tego quizu